00365nam a2200121Ia 4500001000400000008004100004082002500045100007600070245003000146260002400176901002800200999001500228499241024s9999 xx 000 0 und d aRD/352.43/R426i/2006 aRepública Dominicana.Cámara de Cuentas de la República Dominicana 0aInforme de Gestión 2006 bSanto Domingoc2006 a12/11/2010 9:59:26 a.m. c9470d9470